LEADER 01193nam0-22003731i-450 001 990003160780403321 005 20181204114751.0 035 $a000316078 035 $aFED01000316078 035 $a(Aleph)000316078FED01 100 $a20000920d1970----km-y0itay50------ba 101 0 $aita 102 $aIT 200 1 $aPopolazione e forze di lavoro delle regioni italiane al 1986$fdi M. Livi Bacci e F. Pilloton 210 $aMilano$cGiuffrè$d1970 215 $aXII, 100 p. (di cui 37-100 tav.)$d24 cm 225 1 $aCollana di Monografie$fSvimez$v26 300 $aIn testa al front.: SVIMEZ, Associazione per lo sviluppo dell'industria nel Mezzogiorno 610 0 $aPrevisioni demografiche$aItalia 676 $aF/3.12 676 $aG/2.11 700 1$aLivi Bacci,$bMassimo$f<1936- >$0101974 701 1$aPilloton,$bFranco$0106638 712 02$aSvimez 801 0$aIT$bUNINA$gRICA$2UNIMARC 901 $aBK 912 $a990003160780403321 952 $aScaff.25/SVI 70$b4540/I$fSES 952 $aR1/147$b1635$fDINTR 959 $aSES 959 $aDINTR 996 $aPopolazione e forze di lavoro delle regioni italiane al 1986$91068399 997 $aUNINA DB $aING01